|
|
|
|
| LEADER |
00000nam a22000007a 4500 |
| 005 |
2018022007077.0 |
| 007 |
cr|||| |||| |
| 008 |
180220s2009 mx |||||s||||f00||0 spa d |
| 020 |
|
|
|a 978-607-401-093-0
|
| 035 |
|
|
|a 20913
|
| 040 |
|
|
|a vLex
|
| 090 |
|
|
|c 7375
|d 7375
|
| 100 |
1 |
|
|a Arizpe, Lourdes
|
| 245 |
1 |
2 |
|a El patrimonio cultural inmaterial de Mx̌ico
|h [Recurso electrn̤ico] :
|b Ritos y festividades /
|c Lourdes Arizpe
|
| 256 |
|
|
|a Servicio en ln̕ea
|
| 260 |
|
|
|a Ciudad de Mx̌ico:
|b Cm̀ara de Diputados,
|c 2009
|
| 300 |
|
|
|a 1 recurso electrn̤ico
|
| 506 |
1 |
|
|a Disponible solo en los productos indicados
|d vLex Global
|d vLex Global (Academic Edition, excluding Law Schools)
|d vLex Global (U.S. Academic Edition, Law Schools)
|d vLex Global (U.S. Academic Edition, excluding Law Schools)
|d vLex Global (Academic Edition, Law Schools)
|
| 650 |
0 |
4 |
|a Derecho Civil
|z Mx̌ico
|
| 740 |
0 |
|
|a vLex Libros (Servicio en ln̕ea)
|
| 856 |
4 |
0 |
|u http://vlex.com/source/patrimonio-cultural-inmaterial-de-mexico-ritos-y-festividades-20913
|z Acceso restringido
|
| 942 |
|
|
|c BOOK
|
| 999 |
0 |
|
|a Civil Law
|